UFC Name a Valid Fighter - Statistics

General Stats
  • This quiz has been taken 2,240 times
    414 since last reset
  • The average score is 11 of 15
Answer Stats
Name a fighter that... Fighter % Correct
Has been on the cover of a EA sports UFC video game Jon Jones/ Alexander Gustafsson/ Ronda Rousey/ Conor McGregor/ Jorge Masvidal/ Israel Adesanya/ Alexander Volkanovski/ Valentina Shevchenko/ Alex Pereira/ Max Holloway
99%
Is a men's current champion Joshua Van/ Petr Yan/ Alexander Volkanovski/ Ilia Topuria/ Islam Makhachev/ Sean Strickland/ Carlos Ulberg/ Tom Aspinall
95%
Became a double champ Conor McGregor/ Daniel Cormier/ Amanda Nunes/ Henry Cejudo
91%
Has won a BMF title Jorge Masvidal/ Justin Gaethje/ Max Holloway/ Charles Oliveira
89%
Has beaten Conor Mcgregor in the UFC Nate Diaz/ Khabib Nurmagomedov/ Dustin Poirier
89%
Has lost to Jake Paul Ben Askren/ Tyron Woodley/ Anderson Silva/ Nate Diaz
82%
Became champion from Nigeria Kamaru Usman/ Israel Adesanya
80%
Won a title in the UFC and WWE Brock Lesnar/ Ronda Rousey
79%
Has finished Max Holloway Ilia Topuria/ Dustin Poirier
74%
Is a member of the Fighting Nerds Caio Borralho/ Carlos Prates/ Mauricio Ruffy/ Jean Silva
73%
Is a Women's current champion Mackenzie Dern/ Valentina Shevchenko/ Kayla Harrison
73%
That fought in UFC 1 Royce Gracie/ Gerard Gordeau/ Ken Shamrock/ Kevin Rosier/ Art Jimmerson/ Teila Tuli/ Patrick Smith/ Zane Frazier
68%
Became champion after fighting on Dana White's Contender Series Sean O'Malley/ Jamahal Hill/ Jack Della Maddalena/ Carlos Ulberg
57%
Has appeared in a Marvel Movie Georges St-Pierre /Kamaru Usman
47%
Has landed a twister submission Chan Sung Jung/ Bryce Mitchell/ Da'Mon Blackshear
45%
No matching quizzes found
Score Distribution
Percent of People with Each Score
Percentile by Number Answered
Your Score History
You have not taken this quiz since the last reset